000 01719cam a22003014a 4500
001 15345086
003 ARRUPE
005 20160909111515.0
008 080626s2008 mnu 000 0 eng
010 _a 2008028254
020 _a9780764205675 (pbk. : alk. paper)
040 _aDLC
_cDLC
_dDLC
050 0 0 _aBP172
_b.M394 2008
082 0 0 _a261.2/7
_222
100 1 _aMedearis, Carl.
_925454
245 1 0 _aMuslims, Christians, and Jesus :
_bgaining understandings and building relationships /
_cCarl Medearis.
260 _aMinneapolis, Minn. :
_bBethany House,
_cc2008.
300 _a192 p.
_c21 cm.
505 0 _aIntroduction -- Before the pillars: the foundations of Islam -- The teachings of Islam: the articles and pillars of faith -- Islam's holy book: the words of God -- Women and Islam: protecting the purity of women -- Common questions: a knowledgeable response -- Jesus meets jihad: overcoming fear with love -- Standing on the bridge: Muslims who follow Jesus -- Love your neighbor: practical ways to reach out to Muslims -- Appendix: statistics and glossary of terms.
520 _a"A guide to gaining understanding and building connections between the world's two largest religions, written from the perspective of a Christian who has lived and worked in Islamic countries"--Provided by publisher.
650 0 _aChristianity and other religions
_xIslam.
_925455
650 0 _aIslam
_xRelations
_xChristianity.
_925456
650 0 _aIslam
_xDoctrines.
_94863
906 _a7
_bcbc
_corignew
_d1
_eecip
_f20
_gy-gencatlg
942 _2lcc
_cMONOGRAPH
999 _c125131
_d125131